Quest for the historical Apostles : (Record no. 8314)

MARC details
000 -LEADER
fixed length control field 01547cam a2200325 i 4500
001 - CONTROL NUMBER
control field 20140306
003 - CONTROL NUMBER IDENTIFIER
control field GBCCL
005 - DATE AND TIME OF LATEST TRANSACTION
control field 20241126110648.0
008 - FIXED-LENGTH DATA ELEMENTS--GENERAL INFORMATION
fixed length control field 171114s2018 miub b 001 0ceng
010 ## -
-- 2017052479
020 ## - INTERNATIONAL STANDARD BOOK NUMBER
International Standard Book Number 9780801098550 (pbk. : alk. paper)
040 ## - CATALOGING SOURCE
Original cataloging agency DLC
Language of cataloging eng
Transcribing agency DLC
Description conventions rda
Modifying agency DLC
042 ## -
-- pcc
050 00 -
-- BS2440
-- .S47 2018
082 00 - DEWEY DECIMAL CLASSIFICATION NUMBER
Classification number 225.922
Edition information 23
Item number SHE
100 1# - MAIN ENTRY--PERSONAL NAME
Personal name Shelton, W. Brian,
Relator term author.
9 (RLIN) 14463
245 10 - TITLE STATEMENT
Title Quest for the historical Apostles :
Remainder of title tracing their lives and legacies /
Statement of responsibility, etc. W. Brian Shelton.
264 #1 - PRODUCTION, PUBLICATION, DISTRIBUTION, MANUFACTURE, AND COPYRIGHT NOTICE
Place of production, publication, distribution, manufacture Grand Rapids, Michigan :
Name of producer, publisher, distributor, manufacturer Baker Academic, a division of Baker Publishing Group,
Date of production, publication, distribution, manufacture, or copyright notice [2018]
300 ## - PHYSICAL DESCRIPTION
Extent xiii, 314 pages :
Other physical details maps ;
Dimensions 23 cm
336 ## - CONTENT TYPE
Content type term text
Content type code txt
Source rdacontent
337 ## - MEDIA TYPE
Media type term unmediated
Media type code n
Source rdamedia
338 ## - CARRIER TYPE
Carrier type term volume
Carrier type code nc
Source rdacarrier
504 ## - BIBLIOGRAPHY, ETC. NOTE
Bibliography, etc. note Includes bibliographical references (pages 281-293) and indexes.
505 0# - FORMATTED CONTENTS NOTE
Formatted contents note The quest -- The path -- Peter: the rooster -- Andrew: the saltire -- James: the scallop shell -- John: the eagle -- Philip: the bread -- Bartholomew: the knife -- Thomas: the builder -- Matthew: the publican -- James: the lesser -- Jude: the exorcist -- Simon: the zealot -- Matthias: the elected -- Paul: the sword -- The discovery.
650 #0 - SUBJECT ADDED ENTRY--TOPICAL TERM
Topical term or geographic name entry element Apostles.
9 (RLIN) 593
650 #0 - SUBJECT ADDED ENTRY--TOPICAL TERM
Topical term or geographic name entry element Church history
Chronological subdivision Primitive and early church, ca. 30-600.
9 (RLIN) 965
906 ## - LOCAL DATA ELEMENT F, LDF (RLIN)
a 7
b cbc
c orignew
d 1
e ecip
f 20
g y-gencatlg
942 ## - ADDED ENTRY ELEMENTS (KOHA)
Source of classification or shelving scheme Dewey Decimal Classification
Koha item type Books
Koha issues (borrowed), all copies 3
Holdings
Withdrawn status Lost status Source of classification or shelving scheme Damaged status Not for loan Home library Current Library Shelving location Date acquired Total checkouts Total renewals Full call number Barcode Date last seen Date last checked out Copy number Price effective from Koha item type
    Dewey Decimal Classification     GRACE BIBLE COLLEGE GRACE BIBLE COLLEGE Biblical Studies 2019-11-20 4 1 225.922 SHE 013745 2025-10-03 2025-09-29 c.1 2019-11-20 Books
© Grace Bible College Library 2025